1110 1942 1292 1405 1662 1730 1131 1117 1284 1676 1436 1561 1522 1562 1452 1720 1181 1659 1055 1439 1433 1063 1580 1706 1306 1990 1217 1774 1438 1441 1634 1454 1822 1288 1176 1596 1897 1173 1841 1341 1260 1889 1882 1217 1998 1210 1819 1447 1776 1518 1463 1562 1773 1837 1615 1760 1509 1353 1311 1710 1228 1940 1584 1687 1121 1312 1319 1944 1610 1707 1959 1098 1115 1857 1021 1734 1486 1296 1060 1430 1189 1767 1616 1601 1492 1450 1774 1917 1000 1315 1340 1270 1723 1897 1550 1967 1068 1247 1444 BCNSPRNW ULIB Ver.6.0+V

เปลี่ยนเป็นภาษาไทย

Change to English
 แสดงรายละเอียดบรรณานุกรม
  กลับหน้าหลัก

Brief Record : Get Marc (ISO 2709) : E-mail record : QR code < ปิดหน้าต่าง
LEADER : 00000nam 2200000uu 4500
001    13399110894
003     ULIB
008    110613s||||||||th 000 0 tha d
020    9748679241(ล.13)
050  4 AC158^bM111D ล.13 2005
100 0  Martina, Guido
245    ดิสนีย์ส (Disney s) โลกมหัศจรรย์ : ทวีป/ ^cผู้แปลและเรียบเรียง ศูนย์การแปล คณะอักษณศาสตร์ จุฬาลงกรณ์มหาวิทยาลัย ; บรรณาธิการ ชาญศักดิ์ พงษ์สุวรรณ
260    กรุงเทพฯ : ^bโกเลียร์อินเตอร์เนชั่นแนล, ^c2005
300    20 เล่ม : ^bภาพประกอบ ; ^c26 ซม.
592    Buddhist era
650  7 ความรู้ทั่วไป
700    ชาญศักดิ์ พงษ์สุวรรณ, ^eบรรณาธิการ
710    จุฬาลงกรณ์มหาวิทยาลัย. ^bคณะอักษรศาสตร์. ^bศูนย์การแปล
945    ^p850^l0^i023039
995    ทศพร
999 ^a ใช้งานได้ทุกระบบ
รายการนี้ยังไม่มีแท็ก
คุณยังไม่ได้ล็อกอิน คุณสามารถมีกิจกรรมร่วมกับเว็บไซต์ได้ แต่ต้องล็อกอินก่อน ::
  ล็อกอิน

รายการสื่อสารสนเทศ

ลำดับที่ ประเภท เลขเรียก/บาร์โค้ด สถานที่ สถานะ
- ไม่พบข้อมูล -

รายการใกล้เคียง
    ผู้แต่ง [Martina, Guido]

    หัวเรื่อง [ความรู้ทั่วไป]

BibComment


ยังไม่เคยถูกคอมเมนท์

คอมเมนท์ทรัพยากรรายการนี้
  คอมเมนท์: ดิสนีย์ส Disney s..


 Copyright 2026. Bcnsprnw @Library